| 000 | 01504cam a2200385 i 4500 | ||
|---|---|---|---|
| 001 | 19613757 | ||
| 003 | EG-ScBUE | ||
| 005 | 20220313143451.0 | ||
| 008 | 170427t2017 enk f b 001 0 eng d | ||
| 020 | _a9780128114261 | ||
| 020 | _a0128114266 | ||
| 035 | _a(OCoLC)ocn964299852 | ||
| 040 |
_aYDX _beng _erda _cYDX _dOCLCO _dIQU _dOCLCF _dVGM _dDLC _dEG-ScBUE |
||
| 082 | 0 | 4 |
_222 _a515.7 _bSAC |
| 100 | 1 |
_aSacks, Paul, _eauthor. |
|
| 245 | 1 | 0 |
_aTechniques of functional analysis for differential and integral equations / _cPaul Sacks, Department of Mathematics, Iowa State University, Ames, IA, United States. |
| 264 | 1 |
_aLondon, Unitd Kingdom ; _aSan Diego, CA, United States: _bAcademic Press, an imprint of Elsevier, _c[2017] |
|
| 264 | 4 | _c©2017 | |
| 300 |
_ax, 310 pages ; _c23 cm. |
||
| 336 |
_atext _btxt _2rdacontent |
||
| 337 |
_aunmediated _bn _2rdamedia |
||
| 338 |
_avolume _bnc _2rdacarrier |
||
| 490 | 0 | _aMathematics in science and engineering | |
| 504 | _aIncludes bibliographical references and index. | ||
| 650 | 7 |
_aFunctional analysis. _2BUEsh |
|
| 650 | 7 |
_aDifferential equations _xNumerical solutions. _2BUEsh |
|
| 650 | 7 |
_aIntegral equations _xNumerical solutions. _vBUEsh |
|
| 653 |
_bGGEN _cMarch2022 |
||
| 655 |
_vReading book _934232 |
||
| 906 |
_a7 _bcbc _cpccadap _d2 _eepcn _f20 _gy-gencatlg |
||
| 942 |
_2ddc _cBB |
||
| 999 |
_c29863 _d29834 |
||